000 00698nam a2200157 i 4500
001 20199
003 ES-MaACL
005 20230906152244.0
007 t|
008 021108s1880 sp ||||1| spa d
245 0 0 _aAguas y baños sulfuro-salinos de Paracuellos de Jiloca (Calatayud, provincia de Zaragoza) primitivo y único manantial en la roca, gran establecimiento de los baños viejos propiedad de don Felipe García Serrano, temporada oficial desde el 15 de junio al 30 de setiembre.
260 _aMadrid :
_b[s.n.],
_c1880 (
_fImpr. y librería de Moya y Plaza)
300 _a16 p. :
_bil. ;
_c20 cm.
650 4 _aBalnearios-
_zParacuellos de Jiloca.
_9145956
852 _aES-MaACL
_jT-341-F-3
999 _c20199
_d20199